[Event "BEL-ch op"]
[Site "Namur"]
[Date "2009.07.11"]
[Round "8"]
[White "Cornil, Etienne"]
[Black "Belva, Frederic"]
[Result "1/2-1/2"]
[WhiteElo "1992"]
[BlackElo "1923"]
[PlyCount "29"]
[EventDate "2009.07.04"]
[EventType "swiss"]
[EventRounds "9"]
[EventCountry "BEL"]
[SourceTitle "EXT 2010"]
[Source "ChessBase"]
[SourceDate "2010.11.25"]
[SourceVersion "1"]
[SourceVersionDate "2010.11.25"]
[SourceQuality "1"]

1. d4 e6 2. Nf3 Nf6 3. g3 b6 4. Bg2 Bb7 5. 0-0 Be7 6. c4 0-0 7. Nc3 Ne4 8. Qc2 Nxc3 9. Qxc3 Be4 10. Nd2 Bxg2 11. Kxg2 c5 12. dxc5 bxc5 13. Rd1 Qc7 14. Nf3 Nc6 15. Bf4 1/2-1/2

[Event "BEL Elite Febr op"]
[Site "Belgium"]
[Date "2005.05.14"]
[Round "5"]
[White "Belva, Frederic"]
[Black "Vingerhoets, Luc"]
[Result "1/2-1/2"]
[WhiteElo "1872"]
[BlackElo "2087"]
[PlyCount "113"]
[EventDate "2005.02.??"]
[EventType "swiss"]
[EventRounds "7"]
[EventCountry "BEL"]
[SourceTitle "EXT 2007"]
[Source "ChessBase"]
[SourceDate "2006.11.23"]
[SourceVersion "1"]
[SourceVersionDate "2006.11.23"]
[SourceQuality "1"]

1. e4 g6 2. d4 Bg7 3. c3 d6 4. f4 e5 5. Nf3 Nc6 6. Bc4 Qe7 7. fxe5 dxe5 8. d5 Nd8 9. Be3 Nf6 10. Nbd2 0-0 11. 0-0 Ng4 12. Qe2 Nxe3 13. Qxe3 Bd7 14. Rad1 b5 15. Bb3 Nb7 16. Kh1 Nc5 17. Bc2 a5 18. Nb3 Nxb3 19. Bxb3 a4 20. Bc2 Ra6 21. a3 f5 22. exf5 gxf5 23. Bb1 Rh6 24. Ba2 Kh8 25. Rde1 e4 26. Ng5 Qd6 27. h3 Rg6 28. Ne6 Rff6 29. Nxg7 Rxg7 30. Qf4 Rfg6 31. Re2 Rg3 32. Qxd6 cxd6 33. Rf4 Rd3 34. c4 Rd1+ 35. Kh2 Ra1 36. b4 axb3 37. Bxb3 Rxa3 38. Rb2 bxc4 39. Bxc4 Rag3 40. Bf1 h6 41. Rb6 R3g6 42. g4 fxg4 43. hxg4 Re7 44. Be2 Ba4 45. Rf8+ Kg7 46. Rbb8 Rf7 47. Rg8+ Kf6 48. Rxg6+ Kxg6 49. Kg3 Bc2 50. Rg8+ Kh7 51. Re8 Rf6 52. Bb5 Kg7 53. Bd7 Kf7 54. Rc8 Rf3+ 55. Kg2 Bb3 56. Be6+ Kf6 57. Rh8 1/2-1/2

[Event "Charleroi op 3rd"]
[Site "Charleroi"]
[Date "2004.08.05"]
[Round "7"]
[White "Van Mechelen, Jan"]
[Black "Belva, Frederic"]
[Result "1-0"]
[WhiteElo "2271"]
[BlackElo "2072"]
[PlyCount "63"]
[EventDate "2004.07.03"]
[EventType "swiss"]
[EventRounds "9"]
[EventCountry "BEL"]
[SourceTitle "CBM 101 Extra"]
[Source "ChessBase"]
[SourceDate "2004.09.01"]
[SourceVersion "2"]
[SourceVersionDate "2004.09.01"]
[SourceQuality "1"]

1. d4 Nf6 2. c4 e6 3. Nf3 d5 4. Nc3 Be7 5. cxd5 exd5 6. Bg5 c6 7. Qc2 0-0 8. e3 Re8 9. Bd3 Nbd7 10. 0-0-0 Nf8 11. Kb1 g6 12. Ne5 Ne6 13. Bxf6 Bxf6 14. f4 Ng7 15. h3 Nf5 16. Bxf5 Bxf5 17. e4 dxe4 18. g4 Be6 19. Nxe4 Bd5 20. g5 Bg7 21. h4 f5 22. gxf6 Bxf6 23. h5 Kg7 24. hxg6 hxg6 25. Rdg1 Bxe5 26. dxe5 Bf7 27. Nd6 Rg8 28. Nf5+ Kf8 29. Qc5+ Ke8 30. Nd6+ Kf8 31. Rh7 Rg7 32. Nf5+ 1-0